| 000 | 00816cam a22002893a 4500 | ||
|---|---|---|---|
| 001 | 24315 | ||
| 003 | PGUSA | ||
| 005 | 20140828083523.0 | ||
| 008 | 080115s2008||||xxu|||||s|||||000 | eng d | ||
| 040 |
_aPGUSA _beng |
||
| 042 | _adc | ||
| 050 | 4 | _aBX | |
| 050 | 4 | _aBP | |
| 100 | 1 |
_aMüller, F. Max _q(Friedrich Max), _d1823-1900 |
|
| 245 | 1 | 4 |
_aThe Silesian Horseherd - Questions of the Hour _h[electronic resource] / _cF. Max Müller |
| 260 |
_bProject Gutenberg, _c2008 |
||
| 506 | _aPublic domain in the USA. | ||
| 516 | _aElectronic text | ||
| 653 | _aChurch history | ||
| 653 | _aLogos (Philosophy) | ||
| 653 | _aChristianity | ||
| 653 | _aLogos (Christian theology) | ||
| 653 | _aReligion | ||
| 830 | 0 |
_aProject Gutenberg _v24315 |
|
| 856 | 4 | 0 | _uhttp://www.gutenberg.org/ebooks/24315 |
| 942 | _cEB | ||
| 999 |
_c253570 _d253570 |
||